000 00676nam a22001935i 4500
001 155637
003 ES-MaACL
005 20251004063204.0
008 940202s1871 ale |||| | lat d
040 _aBA
_bcast
100 1 _aHübner, Emil,
_d1834-1901
_9128127
245 1 0 _aInscriptiones Hispaniae Christianae /
_cedidit Aemilius Hübner ; adiecta est tabula geographica.
260 _aBerolini :
_bapud Gregorium Reimerum,
_c1871.
300 _aXV, 120 p., [1] h. de mapas pleg. :
_bil. ;
_c32 cm.
500 _aPalau, 116568.
650 0 4 _aInscripciones latinas-
_zEspaña.
_913821
852 _aES-MaACL
_jC-42156
_z-- Enc. hol.
999 _c155637
_d155637